Micronations on a World Map - Statistics

General Stats
  • This quiz has been taken 362 times
  • The average score is 2 of 10
Answers on the Map
Answers color-coded by a green-red scale on the quiz's map according to % correct below.
 
Answer Stats
Answer % Correct
Sealand
77%
Molossia
48%
Liberland
33%
Christiania
31%
Hutt River
22%
Akhzivland
11%
Redonda
11%
Austenasia
7%
Whangamomona
6%
Thebes
4%
No matching quizzes found
Score Distribution
Percent of People with Each Score
Percentile by Number Answered
Your Score History
You have not taken this quiz